[Event "Eurasia Open Cup 2019"]
[Site "Ekaterinburg"]
[Date "2019.08.05"]
[Round "5.4"]
[White "Shaposhnikov, Evgeny"]
[Black "Kostenko, Petr"]
[Result "1/2-1/2"]
[WhiteElo "2575"]
[BlackElo "2471"]
[Annotator "ChessBase"]
[PlyCount "143"]
[EventDate "2019.07.31"]
[EventType "swiss"]
[EventCountry "RUS"]
[SourceTitle "playchess.com"]
[Source "ChessBase"]
[SourceQuality "1"]
[TimeControl "5400+30"]

1. Nf3 {[%emt 0:03:20]} f5 {[%emt 0:00:00]} 2. g3 {[%emt 0:00:52]} Nf6 {[%emt 0:00:00]} 3. Bg2 {[%emt 0:00:00]} e6 {[%emt 0:01:01]} 4. O-O {[%emt 0:00:00]} Be7 {[%emt 0:00:00]} 5. c4 {[%emt 0:00:07]} O-O {[%emt 0:00:00]} 6. d4 {[%emt 0:00:57]} d5 {[%emt 0:00:31]} 7. cxd5 {[%emt 0:01:07]} exd5 {[%emt 0:00:14]} 8. Bg5 {[%emt 0:00:47]} c6 {[%emt 0:00:50]} 9. Bxf6 {[%emt 0:00:44]} Bxf6 {[%emt 0:01:05]} 10. Nc3 {[%emt 0:00:00]} Qe7 {[%emt 0:00:44]} 11. Rb1 {[%emt 0:00:00]} Na6 {[%emt 0:03:26]} 12. a3 {[%emt 0:01:40]} Nc7 {[%emt 0:00:04]} 13. b4 {[%emt 0:00:16]} g5 {[%emt 0:01:43]} 14. e3 {[%emt 0:00:07]} f4 {[%emt 0:00:13]} 15. exf4 {[%emt 0:02:12]} gxf4 {[%emt 0:01:03]} 16. Qd2 {[%emt 0:00:26]} Qg7 {[%emt 0:05:07]} 17. b5 {[%emt 0:04:03]} Bg4 {[%emt 0:07:49]} 18. bxc6 {[%emt 0:00:59]} bxc6 {[%emt 0:00:41]} 19. Ne2 {[%emt 0:15:21]} fxg3 {[%emt 0:00:51]} 20. fxg3 {[%emt 0:03:57]} Nb5 {[%emt 0:01:43]} 21. Rb3 {[%emt 0:10:44]} Rae8 {[%emt 0:01:58]} 22. Re3 {[%emt 0:11:56]} Nd6 {[%emt 0:26:57]} 23. Rxe8 {[%emt 0:02:05]} Rxe8 {[%emt 0:00:00]} 24. Qf4 {[%emt 0:15:57]} Nc4 {[%emt 0:01:49]} 25. h3 {[%emt 0:01:22]} Bc8 {[%emt 0:15:04]} 26. Nc3 {[%emt 0:01:44]} Rf8 {[%emt 0:05:01]} 27. g4 {[%emt 0:05:32]} Bd8 {[%emt 0:07:49]} 28. Qc1 {[%emt 0:00:11]} Be7 {[%emt 0:00:38]} 29. a4 {[%emt 0:00:42]} Ba3 {[%emt 0:00:38]} 30. Qe1 {[%emt 0:01:50]} Bd6 {[%emt 0:01:38]} 31. Kh1 {[%emt 0:01:47]} Bd7 {[%emt 0:01:49]} 32. Qh4 {[%emt 0:04:47]} Ne3 {[%emt 0:03:11]} 33. Re1 {[%emt 0:00:18]} Nc2 {[%emt 0:02:41]} 34. Rd1 {[%emt 0:00:01]} Ne3 {[%emt 0:03:30]} 35. Re1 {[%emt 0:00:02]} Nxg2 {[%emt 0:01:38]} 36. Kxg2 {[%emt 0:00:32]} c5 {[%emt 0:02:05]} 37. Qh5 {[%emt 0:00:48]} Qf7 {[%emt 0:01:38]} 38. Qxf7+ {[%emt 0:01:03]} Rxf7 {[%emt 0:00:29]} 39. dxc5 {[%emt 0:04:15]} Bxc5 {[%emt 0:00:00]} 40. Rd1 {[%emt 0:00:28]} d4 {[%emt 0:01:08]} 41. Nxd4 {[%emt 0:01:16]} Bxd4 {[%emt 0:00:51]} 42. Rxd4 {[%emt 0:00:14]} Bc6+ {[%emt 0:00:03]} 43. Kg1 {[%emt 0:00:12]} Rf3 {[%emt 0:01:08]} 44. Rc4 {[%emt 0:00:02]} Bd7 {[%emt 0:00:46]} 45. Kg2 {[%emt 0:00:38]} Rd3 {[%emt 0:00:22]} 46. Rc7 {[%emt 0:00:31]} Be6 {[%emt 0:01:07]} 47. a5 {[%emt 0:00:25]} a6 {[%emt 0:00:03]} 48. Kh2 {[%emt 0:02:20]} h5 {[%emt 0:01:00]} 49. Ne4 {[%emt 0:00:24]} hxg4 {[%emt 0:00:20]} 50. hxg4 {[%emt 0:00:17]} Ra3 {[%emt 0:00:56]} 51. g5 {[%emt 0:01:00]} Bf5 {[%emt 0:00:12]} 52. Nf6+ {[%emt 0:00:42]} Kf8 {[%emt 0:00:04]} 53. Rc5 {[%emt 0:00:00]} Bd3 {[%emt 0:00:58]} 54. Kg3 {[%emt 0:01:54]} Kf7 {[%emt 0:00:16]} 55. Ng4 {[%emt 0:01:20]} Be2+ {[%emt 0:00:47]} 56. Kh4 {[%emt 0:00:34]} Ra4 {[%emt 0:00:00]} 57. g6+ {[%emt 0:00:09]} Kxg6 {[%emt 0:00:00]} 58. Rg5+ {[%emt 0:00:37]} Kf7 {[%emt 0:00:28]} 59. Kg3 {[%emt 0:00:00]} Bb5 {[%emt 0:00:14]} 60. Ne3 {[%emt 0:00:00]} Rxa5 {[%emt 0:00:24]} 61. Nc4 {[%emt 0:00:00]} Ra4 {[%emt 0:00:21]} 62. Nd6+ {[%emt 0:00:20]} Kf6 {[%emt 0:00:00]} 63. Rc5 {[%emt 0:01:33]} Bd3 {[%emt 0:00:19]} 64. Nb7 {[%emt 0:00:19]} Rd4 {[%emt 0:00:33]} 65. Ra5 {[%emt 0:01:00]} Ke7 {[%emt 0:00:51]} 66. Nc5 {[%emt 0:01:07]} Rd5 {[%emt 0:00:13]} 67. Ra3 {[%emt 0:00:00]} Rxc5 {[%emt 0:00:13]} 68. Rxd3 {[%emt 0:00:00]} a5 {[%emt 0:00:07]} 69. Kf3 {[%emt 0:00:24]} a4 {[%emt 0:00:06]} 70. Ke3 {[%emt 0:00:13]} Ra5 {[%emt 0:00:00]} 71. Ra3 {[%emt 0:00:08]} Kd6 {[%emt 0:00:12]} 72. Ke4 {[%emt 0:00:17]} 1/2-1/2

[Event "Eurasia Open Cup 2019"]
[Site "Ekaterinburg"]
[Date "2019.08.05"]
[Round "5.5"]
[White "Ovchinnikov, Vsevolod"]
[Black "Bocharov, Ivan"]
[Result "0-1"]
[WhiteElo "2346"]
[BlackElo "2559"]
[Annotator "ChessBase"]
[PlyCount "108"]
[EventDate "2019.07.31"]
[EventType "swiss"]
[EventCountry "RUS"]
[SourceTitle "playchess.com"]
[Source "ChessBase"]
[SourceQuality "1"]
[TimeControl "5400+30"]

1. d4 {[%emt 0:00:00]} Nf6 {[%emt 0:00:00]} 2. c4 {[%emt 0:00:00]} e6 {[%emt 0:00:00]} 3. g3 {[%emt 0:00:00]} Bb4+ {[%emt 0:00:00]} 4. Bd2 {[%emt 0:00:00]} Be7 {[%emt 0:00:00]} 5. Bg2 {[%emt 0:00:12]} d5 {[%emt 0:00:00]} 6. Nf3 {[%emt 0:00:29]} O-O {[%emt 0:00:00]} 7. O-O {[%emt 0:00:27]} Nbd7 {[%emt 0:00:00]} 8. Qc2 {[%emt 0:01:25]} c6 {[%emt 0:00:00]} 9. b3 {[%emt 0:17:16]} Ne4 {[%emt 0:02:01]} 10. Nc3 {[%emt 0:01:17]} f5 {[%emt 0:02:03]} 11. Nxe4 {[%emt 0:16:15]} fxe4 {[%emt 0:01:47]} 12. Ne1 {[%emt 0:03:02]} b5 {[%emt 0:08:05]} 13. cxd5 {[%emt 0:04:44]} cxd5 {[%emt 0:01:14]} 14. Qc6 {[%emt 0:15:12]} Nb6 {[%emt 0:16:55]} 15. Qxb5 {[%emt 0:04:26]} Bd7 {[%emt 0:02:03]} 16. Qa5 {[%emt 0:01:46]} Rc8 {[%emt 0:03:56]} 17. f3 {[%emt 0:08:29]} Bf6 {[%emt 0:04:00]} 18. e3 {[%emt 0:00:32]} e5 {[%emt 0:01:17]} 19. dxe5 {[%emt 0:03:20]} Bxe5 {[%emt 0:00:01]} 20. Rc1 {[%emt 0:00:08]} Rxc1 {[%emt 0:05:43]} 21. Bxc1 {[%emt 0:00:01]} Qc7 {[%emt 0:00:09]} 22. Bd2 {[%emt 0:02:01]} Bf5 {[%emt 0:01:25]} 23. fxe4 {[%emt 0:05:53]} dxe4 {[%emt 0:00:05]} 24. Bb4 {[%emt 0:00:16]} Rf6 {[%emt 0:06:00]} 25. Nc2 {[%emt 0:03:38]} Bg6 {[%emt 0:00:00]} 26. Rxf6 {[%emt 0:00:14]} gxf6 {[%emt 0:00:04]} 27. Qc5 {[%emt 0:00:12]} Nd7 {[%emt 0:01:08]} 28. Qd5+ {[%emt 0:04:24]} Kg7 {[%emt 0:00:38]} 29. Bxe4 {[%emt 0:00:33]} Nb6 {[%emt 0:00:33]} 30. Qd3 {[%emt 0:03:14]} Bxg3 {[%emt 0:00:01]} 31. Bxg6 {[%emt 0:03:45]} Bxh2+ {[%emt 0:00:39]} 32. Kf1 {[%emt 0:01:48]} hxg6 {[%emt 0:00:21]} 33. Nd4 {[%emt 0:00:00]} Qd7 {[%emt 0:03:20]} 34. Qe4 {[%emt 0:00:29]} Nd5 {[%emt 0:00:00]} 35. Bd2 {[%emt 0:00:35]} Be5 {[%emt 0:00:47]} 36. Nf3 {[%emt 0:00:22]} Bc3 {[%emt 0:00:31]} 37. Bxc3 {[%emt 0:01:00]} Nxc3 {[%emt 0:00:00]} 38. Qd4 {[%emt 0:00:26]} Qxd4 {[%emt 0:00:25]} 39. Nxd4 {[%emt 0:00:01]} Nxa2 {[%emt 0:00:00]} 40. Nc6 {[%emt 0:01:22]} a6 {[%emt 0:00:02]} 41. Ke1 {[%emt 0:00:00]} g5 {[%emt 0:01:50]} 42. Kd2 {[%emt 0:00:37]} g4 {[%emt 0:00:31]} 43. Nd4 {[%emt 0:00:35]} Kg6 {[%emt 0:01:00]} 44. e4 {[%emt 0:00:27]} Kg5 {[%emt 0:00:00]} 45. Ke3 {[%emt 0:00:06]} Nc3 {[%emt 0:02:19]} 46. b4 {[%emt 0:01:18]} Kh4 {[%emt 0:00:59]} 47. Kf4 {[%emt 0:00:09]} Kh3 {[%emt 0:00:30]} 48. Nf5 {[%emt 0:00:32]} Na2 {[%emt 0:01:25]} 49. e5 {[%emt 0:00:24]} fxe5+ {[%emt 0:00:08]} 50. Kxe5 {[%emt 0:00:01]} Nxb4 {[%emt 0:00:06]} 51. Kd4 {[%emt 0:00:34]} g3 {[%emt 0:00:08]} 52. Nxg3 {[%emt 0:00:14]} Kxg3 {[%emt 0:00:30]} 53. Kc5 {[%emt 0:00:04]} a5 {[%emt 0:00:00]} 54. Kb5 {[%emt 0:00:07]} Nc6 {[%emt 0:00:02]} 0-1

[Event "Eurasia Open Cup 2019"]
[Site "Ekaterinburg"]
[Date "2019.08.05"]
[Round "5.6"]
[White "Sargsyan, Shant"]
[Black "Guseva, Marina"]
[Result "1-0"]
[WhiteElo "2529"]
[BlackElo "2379"]
[Annotator "ChessBase"]
[PlyCount "105"]
[EventDate "2019.07.31"]
[EventType "swiss"]
[EventCountry "RUS"]
[SourceTitle "playchess.com"]
[Source "ChessBase"]
[SourceQuality "1"]
[TimeControl "5400+30"]

1. d4 {[%emt 0:00:45]} d5 {[%emt 0:00:00]} 2. c4 {[%emt 0:00:00]} c6 {[%emt 0:00:00]} 3. cxd5 {[%emt 0:00:27]} cxd5 {[%emt 0:00:00]} 4. Bf4 {[%emt 0:00:19]} Nf6 {[%emt 0:00:00]} 5. e3 {[%emt 0:00:37]} Nc6 {[%emt 0:01:20]} 6. Nc3 {[%emt 0:00:16]} Bg4 {[%emt 0:00:06]} 7. f3 {[%emt 0:01:12]} Bd7 {[%emt 0:00:11]} 8. Bd3 {[%emt 0:00:06]} e6 {[%emt 0:00:06]} 9. g4 {[%emt 0:00:52]} Be7 {[%emt 0:00:07]} 10. Nge2 {[%emt 0:01:09]} O-O {[%emt 0:00:32]} 11. h4 {[%emt 0:02:07]} Ne8 {[%emt 0:00:46]} 12. a3 {[%emt 0:03:11]} Na5 {[%emt 0:15:41]} 13. Kf2 {[%emt 0:06:32]} Bxh4+ {[%emt 0:03:59]} 14. Kg2 {[%emt 0:02:03]} h6 {[%emt 0:01:57]} 15. Rh3 {[%emt 0:09:06]} Nc4 {[%emt 0:06:54]} 16. Qh1 {[%emt 0:18:27]} Bg5 {[%emt 0:07:09]} 17. Bxg5 {[%emt 0:12:27]} Qxg5 {[%emt 0:00:06]} 18. f4 {[%emt 0:00:13]} Qe7 {[%emt 0:02:16]} 19. b3 {[%emt 0:03:50]} Nd2 {[%emt 0:12:40]} 20. g5 {[%emt 0:07:09]} e5 {[%emt 0:14:11]} 21. Rg3 {[%emt 0:02:10]} e4 {[%emt 0:08:58]} 22. Bc2 {[%emt 0:10:05]} Be6 {[%emt 0:02:07]} 23. Qh5 {[%emt 0:02:31]} Rd8 {[%emt 0:06:30]} 24. Rh1 {[%emt 0:03:06]} Kh8 {[%emt 0:04:29]} 25. f5 {[%emt 0:09:29]} Bxf5 {[%emt 0:00:31]} 26. Nf4 {[%emt 0:00:04]} Qc7 {[%emt 0:03:48]} 27. g6 {[%emt 0:01:11]} fxg6 {[%emt 0:00:57]} 28. Rxg6 {[%emt 0:01:22]} Rd6 {[%emt 0:02:55]} 29. Ncxd5 {[%emt 0:01:35]} Rxg6+ {[%emt 0:03:29]} 30. Nxg6+ {[%emt 0:01:21]} Bxg6 {[%emt 0:00:04]} 31. Qxg6 {[%emt 0:00:17]} Qd6 {[%emt 0:02:20]} 32. Nf4 {[%emt 0:00:52]} Qc7 {[%emt 0:01:15]} 33. Bxe4 {[%emt 0:00:35]} Nxe4 {[%emt 0:00:02]} 34. Qxe4 {[%emt 0:00:15]} Kg8 {[%emt 0:00:29]} 35. Qe6+ {[%emt 0:00:46]} Qf7 {[%emt 0:00:10]} 36. Rc1 {[%emt 0:00:55]} Qxe6 {[%emt 0:00:20]} 37. Nxe6 {[%emt 0:00:00]} Rf6 {[%emt 0:00:07]} 38. Nc5 {[%emt 0:00:34]} Nd6 {[%emt 0:00:47]} 39. e4 {[%emt 0:00:24]} b6 {[%emt 0:00:09]} 40. Nd7 {[%emt 0:00:38]} Rg6+ {[%emt 0:00:04]} 41. Kf3 {[%emt 0:00:15]} Re6 {[%emt 0:00:30]} 42. e5 {[%emt 0:00:36]} Re7 {[%emt 0:00:59]} 43. Nf6+ {[%emt 0:00:28]} gxf6 {[%emt 0:00:36]} 44. exd6 {[%emt 0:00:03]} Rd7 {[%emt 0:00:00]} 45. Rc6 {[%emt 0:00:39]} Kf7 {[%emt 0:00:24]} 46. Ke4 {[%emt 0:00:00]} Ke6 {[%emt 0:00:25]} 47. d5+ {[%emt 0:00:00]} Kf7 {[%emt 0:00:02]} 48. Kf5 {[%emt 0:00:00]} Ke8 {[%emt 0:01:01]} 49. Rc8+ {[%emt 0:00:18]} Rd8 {[%emt 0:00:03]} 50. Ke6 {[%emt 0:00:06]} Rxc8 {[%emt 0:00:08]} 51. d7+ {[%emt 0:00:34]} Kd8 {[%emt 0:00:01]} 52. dxc8=Q+ {[%emt 0:00:00]} Kxc8 {[%emt 0:00:01]} 53. Ke7 {[%emt 0:00:00]} 1-0

[Event "Eurasia Open Cup 2019"]
[Site "Ekaterinburg"]
[Date "2019.08.05"]
[Round "5.7"]
[White "Gleizerov, Evgeny"]
[Black "Afanasiev, Nikita"]
[Result "1-0"]
[WhiteElo "2498"]
[BlackElo "2514"]
[Annotator "ChessBase"]
[PlyCount "107"]
[EventDate "2019.07.31"]
[EventType "swiss"]
[EventCountry "RUS"]
[SourceTitle "playchess.com"]
[Source "ChessBase"]
[SourceQuality "1"]
[TimeControl "5400+30"]

1. d4 {[%emt 0:00:00]} Nf6 {[%emt 0:06:55]} 2. c4 {[%emt 0:00:00]} g6 {[%emt 0:00:05]} 3. Nc3 {[%emt 0:00:00]} d5 {[%emt 0:00:34]} 4. cxd5 {[%emt 0:00:00]} Nxd5 {[%emt 0:00:04]} 5. Bd2 {[%emt 0:00:00]} Bg7 {[%emt 0:00:00]} 6. e4 {[%emt 0:00:00]} Nxc3 {[%emt 0:00:00]} 7. Bxc3 {[%emt 0:00:00]} O-O {[%emt 0:00:00]} 8. Bc4 {[%emt 0:00:00]} c5 {[%emt 0:03:22]} 9. d5 {[%emt 0:00:00]} Bxc3+ {[%emt 0:07:25]} 10. bxc3 {[%emt 0:00:11]} Qa5 {[%emt 0:00:34]} 11. Ne2 {[%emt 0:00:13]} Nd7 {[%emt 0:12:50]} 12. O-O {[%emt 0:01:08]} Nb6 {[%emt 0:00:44]} 13. Bb3 {[%emt 0:00:10]} Bd7 {[%emt 0:02:32]} 14. c4 {[%emt 0:03:54]} e5 {[%emt 0:02:26]} 15. Nc1 {[%emt 0:05:31]} Rae8 {[%emt 0:04:29]} 16. Nd3 {[%emt 0:03:57]} Nc8 {[%emt 0:00:00]} 17. Qe2 {[%emt 0:08:48]} Nd6 {[%emt 0:03:36]} 18. Qe3 {[%emt 0:00:27]} b6 {[%emt 0:00:24]} 19. f4 {[%emt 0:08:51]} exf4 {[%emt 0:22:50]} 20. Qxf4 {[%emt 0:00:23]} Nxe4 {[%emt 0:00:14]} 21. Ne5 {[%emt 0:00:11]} Bf5 {[%emt 0:00:57]} 22. Nc6 {[%emt 0:11:57]} Qd2 {[%emt 0:02:05]} 23. Nxa7 {[%emt 0:05:45]} Qxf4 {[%emt 0:17:31]} 24. Rxf4 {[%emt 0:00:05]} Bd7 {[%emt 0:00:56]} 25. Nb5 {[%emt 0:07:22]} f5 {[%emt 0:02:48]} 26. a4 {[%emt 0:03:29]} Ra8 {[%emt 0:03:45]} 27. Rd1 {[%emt 0:03:31]} Bxb5 {[%emt 0:01:03]} 28. cxb5 {[%emt 0:00:06]} Nd6 {[%emt 0:00:08]} 29. Rff1 {[%emt 0:01:04]} Rfe8 {[%emt 0:00:59]} 30. Rfe1 {[%emt 0:00:58]} Kf7 {[%emt 0:02:22]} 31. Kf2 {[%emt 0:04:35]} c4 {[%emt 0:00:38]} 32. Bc2 {[%emt 0:00:06]} Kf6 {[%emt 0:00:05]} 33. Kf3 {[%emt 0:02:18]} Re5 {[%emt 0:00:30]} 34. g4 {[%emt 0:03:15]} fxg4+ {[%emt 0:00:54]} 35. Kxg4 {[%emt 0:00:05]} Rae8 {[%emt 0:00:04]} 36. Rxe5 {[%emt 0:00:30]} Rxe5 {[%emt 0:00:31]} 37. Rd2 {[%emt 0:01:22]} Re3 {[%emt 0:00:14]} 38. Kf4 {[%emt 0:01:08]} Rh3 {[%emt 0:00:11]} 39. Re2 {[%emt 0:00:19]} Nf7 {[%emt 0:01:54]} 40. Re6+ {[%emt 0:01:41]} Kg7 {[%emt 0:00:00]} 41. Rxb6 {[%emt 0:00:00]} Rxh2 {[%emt 0:00:00]} 42. Be4 {[%emt 0:00:15]} Rh4+ {[%emt 0:00:51]} 43. Ke3 {[%emt 0:00:34]} Ng5 {[%emt 0:00:05]} 44. Bc2 {[%emt 0:01:38]} Rh2 {[%emt 0:00:01]} 45. Bd1 {[%emt 0:02:48]} Rh3+ {[%emt 0:00:12]} 46. Kf4 {[%emt 0:01:16]} Rd3 {[%emt 0:01:45]} 47. Bc2 {[%emt 0:04:27]} Rxd5 {[%emt 0:00:41]} 48. a5 {[%emt 0:01:23]} Ne6+ {[%emt 0:00:39]} 49. Ke4 {[%emt 0:00:21]} Rd4+ {[%emt 0:01:01]} 50. Ke3 {[%emt 0:05:22]} Rd5 {[%emt 0:01:00]} 51. Rxe6 {[%emt 0:00:25]} Rxb5 {[%emt 0:00:26]} 52. a6 {[%emt 0:01:19]} Kf7 {[%emt 0:00:04]} 53. Rc6 {[%emt 0:00:05]} Ra5 {[%emt 0:00:18]} 54. Kd4 {[%emt 0:00:15]} 1-0

[Event "Eurasia Open Cup 2019"]
[Site "Ekaterinburg"]
[Date "2019.08.05"]
[Round "5.8"]
[White "Bocharov, Dmitry"]
[Black "Kozionov, Kirill"]
[Result "1/2-1/2"]
[WhiteElo "2506"]
[BlackElo "2454"]
[Annotator "ChessBase"]
[PlyCount "112"]
[EventDate "2019.07.31"]
[EventType "swiss"]
[EventCountry "RUS"]
[SourceTitle "playchess.com"]
[Source "ChessBase"]
[SourceQuality "1"]
[TimeControl "5400+30"]

1. c4 {[%emt 0:00:00]} Nf6 {[%emt 0:00:00]} 2. d4 {[%emt 0:00:00]} g6 {[%emt 0:00:00]} 3. Nc3 {[%emt 0:00:04]} Bg7 {[%emt 0:00:00]} 4. e4 {[%emt 0:00:19]} d6 {[%emt 0:00:42]} 5. f3 {[%emt 0:00:37]} O-O {[%emt 0:00:11]} 6. Be3 {[%emt 0:00:15]} c5 {[%emt 0:00:47]} 7. Nge2 {[%emt 0:00:33]} Nc6 {[%emt 0:00:00]} 8. d5 {[%emt 0:00:20]} Ne5 {[%emt 0:00:26]} 9. Ng3 {[%emt 0:00:06]} h5 {[%emt 0:00:49]} 10. Be2 {[%emt 0:01:24]} h4 {[%emt 0:00:21]} 11. Nf1 {[%emt 0:00:00]} e6 {[%emt 0:00:28]} 12. Nd2 {[%emt 0:02:12]} exd5 {[%emt 0:01:49]} 13. cxd5 {[%emt 0:00:02]} h3 {[%emt 0:00:00]} 14. g3 {[%emt 0:02:59]} a6 {[%emt 0:00:14]} 15. a4 {[%emt 0:02:11]} Bd7 {[%emt 0:02:27]} 16. a5 {[%emt 0:02:24]} b5 {[%emt 0:00:34]} 17. axb6 {[%emt 0:01:23]} Qxb6 {[%emt 0:00:04]} 18. Rb1 {[%emt 0:00:00]} Qb4 {[%emt 0:01:07]} 19. O-O {[%emt 0:05:36]} Bb5 {[%emt 0:00:39]} 20. Nxb5 {[%emt 0:08:28]} axb5 {[%emt 0:00:08]} 21. Qb3 {[%emt 0:25:50]} Qxb3 {[%emt 0:23:06]} 22. Nxb3 {[%emt 0:00:48]} Rfb8 {[%emt 0:02:10]} 23. Rfc1 {[%emt 0:05:15]} Nfd7 {[%emt 0:42:30]} 24. Nd2 {[%emt 0:08:45]} c4 {[%emt 0:00:13]} 25. f4 {[%emt 0:03:20]} Nd3 {[%emt 0:00:41]} 26. Bxd3 {[%emt 0:00:06]} cxd3 {[%emt 0:00:00]} 27. Kf2 {[%emt 0:01:38]} f5 {[%emt 0:02:04]} 28. Kf3 {[%emt 0:05:09]} Nf6 {[%emt 0:00:35]} 29. Rc6 {[%emt 0:04:54]} Re8 {[%emt 0:00:44]} 30. exf5 {[%emt 0:01:24]} gxf5 {[%emt 0:00:42]} 31. Rxd6 {[%emt 0:02:36]} Rac8 {[%emt 0:04:49]} 32. Nf1 {[%emt 0:04:46]} Ng4 {[%emt 0:10:42]} 33. Re6 {[%emt 0:02:09]} Red8 {[%emt 0:01:11]} 34. Rc6 {[%emt 0:00:05]} Ra8 {[%emt 0:02:01]} 35. d6 {[%emt 0:00:45]} Ra2 {[%emt 0:03:15]} 36. Rd1 {[%emt 0:03:57]} Rxb2 {[%emt 0:00:00]} 37. Rxd3 {[%emt 0:01:38]} Re8 {[%emt 0:00:37]} 38. Bd2 {[%emt 0:01:48]} Rb1 {[%emt 0:00:25]} 39. Ne3 {[%emt 0:01:20]} Nxh2+ {[%emt 0:00:21]} 40. Ke2 {[%emt 0:01:16]} Ng4 {[%emt 0:02:06]} 41. d7 {[%emt 0:00:00]} Rd8 {[%emt 0:00:04]} 42. Nf1 {[%emt 0:02:10]} Rb2 {[%emt 0:00:34]} 43. Rc8 {[%emt 0:01:21]} Bf6 {[%emt 0:00:32]} 44. Rd6 {[%emt 0:00:42]} Be7 {[%emt 0:00:21]} 45. Rxd8+ {[%emt 0:00:36]} Bxd8 {[%emt 0:00:00]} 46. Re6 {[%emt 0:00:07]} Ba5 {[%emt 0:01:03]} 47. Ra6 {[%emt 0:00:41]} Bc7 {[%emt 0:00:35]} 48. Ra7 {[%emt 0:00:57]} Bb6 {[%emt 0:00:26]} 49. Rb7 {[%emt 0:00:56]} Ba5 {[%emt 0:00:03]} 50. Rb8+ {[%emt 0:00:00]} Kg7 {[%emt 0:00:36]} 51. Ra8 {[%emt 0:01:03]} h2 {[%emt 0:00:33]} 52. d8=Q {[%emt 0:00:30]} Bxd8 {[%emt 0:01:10]} 53. Nxh2 {[%emt 0:00:12]} Bf6 {[%emt 0:00:42]} 54. Nf3 {[%emt 0:00:42]} b4 {[%emt 0:00:04]} 55. Ra7+ {[%emt 0:00:11]} Kg6 {[%emt 0:00:50]} 56. Ra6 {[%emt 0:00:15]} Kg7 {[%emt 0:00:01]} 1/2-1/2

[Event "Eurasia Open Cup 2019"]
[Site "Ekaterinburg"]
[Date "2019.08.05"]
[Round "5.9"]
[White "Alekseev, Evgeny"]
[Black "Kotlyar, Kirill"]
[Result "1-0"]
[WhiteElo "2645"]
[BlackElo "2387"]
[Annotator "TA"]
[PlyCount "65"]
[EventDate "2019.07.31"]
[EventType "swiss"]
[EventCountry "RUS"]
[SourceTitle "playchess.com"]
[Source "ChessBase"]
[SourceQuality "1"]

{[%evp 18,65,22,25,42,8,25,0,18,0,0,0,0,-18,-20,-48,-22,-72,40,-70,-70,-74,-77,-87,-74,-60,-3,-79,-68,-60,-13,-16,59,20,144,32,394,387,358,0,411,406,404,381,380,382,402,383,318,284]} 1. e4 c5 2. Nf3 Nc6 3. d4 cxd4 4. Nxd4 Nf6 5. Nc3 d6 6. Bg5 e6 7. Qd2 a6 8. O-O-O Bd7 9. f3 Nxd4 10. Qxd4 Be7 {B67: Sicilian: Richter-Rauzer: 7...a6 8 0-0-0 Bd7, lines without 9 f4 Be7} (10... h6 11. Bh4 Rc8 12. Kb1 Be7 13. g4 b5 14. Bg3 e5 15. Qe3 Qc7 16. Bd3 Be6 17. h4 Qa5 18. g5 {1-0 (60) Robson,R (2667)-Caruana,F (2828) chess.com INT 2019}) 11. Be3 h5 12. Kb1 b5 {[%cal Bb7b5,Bb5b4][%mdl 32] The position is equal.} 13. Qd2 b4 14. Ne2 a5 15. Nd4 {[#]} Rb8 $146 ({Predecessor:} 15... Qb8 16. Bc4 O-O 17. Qe2 Rc8 18. h3 {0-1 (30) Rizouk,A (2445)-Bacrot,E (2678) Batumi 2018}) 16. g3 Qc7 17. h3 O-O ({Black should try} 17... a4 $17) 18. Bg5 (18. g4 $14) 18... e5 $15 19. Nf5 Bxf5 $1 20. exf5 d5 21. g4 Rfd8 (21... a4 $1 $15) 22. Be2 (22. Rg1 $11) 22... a4 $17 23. Rhg1 hxg4 24. hxg4 a3 ({Better is} 24... b3 $11 25. cxb3 axb3) 25. Rh1 (25. Bxf6 $5 Bxf6 26. g5 $11) 25... axb2 (25... Ne8 $11) 26. Rh3 {[#]} (26. Bd3 $1 $16 {aiming for Qh2!} e4 27. Bf4) 26... Qa5 $2 {[%mdl 8192]} (26... b3 $1 $14 {[%mdl 512]} 27. cxb3 (27. axb3 Qa7) 27... Ba3) 27. Rdh1 $18 {[%csl Gh1][%cal Rh3h8]} Kf8 {Strongly threatening ...Ra8.} 28. Rh8+ Ng8 29. f6 $1 {[%cal Rf6e7]} ({Don't blunder} 29. Rxg8+ $2 Kxg8 30. Ba6 Bxg5 $19) 29... Bxf6 30. Bxf6 gxf6 {[#]} 31. Rxg8+ $1 {[%mdl 512]} Ke7 (31... Kxg8 32. Qh6 Qxa2+ 33. Kxa2 b3+ 34. cxb3 b1=B+ {[%mdl 64] Decoy} 35. Kxb1 Rxb3+ {[#]} 36. Kc2 $1 {[%mdl 512]} Rb2+ 37. Kxb2) 32. Rxd8 Rxd8 33. Qd3 {Accuracy: White = 38%, Black = 36%.} ({Not} 33. Kxb2 Ra8 $16) 1-0